| 000 | 01604nam a22003137a 4500 | ||
|---|---|---|---|
| 003 | OSt | ||
| 005 | 20200704152132.0 | ||
| 007 | ta | ||
| 008 | 180718b my ao||j d||| 00| 0 eng d | ||
| 020 |
_a9786144089569 _cRM90.00 _qhardback |
||
| 040 |
_aPPAK _beng _cPPAK _erda |
||
| 041 | 0 |
_aeng _amay _aara |
|
| 082 | 0 | 4 |
_223 _a423.9923927 |
| 090 | 0 | 0 |
_a423.9923927 _bMYF _dRK |
| 245 | 1 | 0 |
_aMy First Picture Dictionary : _bقاموسي الأوّل المصوَّ : Kamus Bergambar Pertama Saya / _cEditor : Dr. Mohd Puzhi Usop |
| 264 | 4 |
_aBeirut, Lebanon : _bDIGITAL FUTURE ; _c[date of publication not identified] |
|
| 300 |
_a26 pages : _bcolour illustrations ; _c26 cm + _e1 Audio CD |
||
| 336 |
_2rdacontent _atext |
||
| 337 |
_2rdamedia _aunmediated |
||
| 338 |
_2rdacarrier _avolume |
||
| 500 | _aBook is accompanied one audio dics (CD MP3) electronic (MP3) and available at Multimedia Unit. | ||
| 505 | _aKamus Bergambar Saya adalah salah satu daripada kamus-kamus berilustrasi khusus pertama untuk kanak-kanak.Kamus ini disediakan sesuai untuk minat dan kecenderungan kanak-kanak kepada ilmu. Mereka akan belajar istilah-istilah asas perkara di sekitar mereka di dalam setiap bahagian kamus ini, Di samping itu, ilustrasi-ilustrasi menarik menjadikan kamus ini lebih menyeronokkan. | ||
| 546 | _aParallel English, Malay and Arabic text | ||
| 650 | 1 | 0 |
_aPicture dictionaries _vEnglish _xJuvenile literature |
| 650 | 2 | 0 |
_aPicture dictionaries _vMalay _xJuvenile literature |
| 650 | 2 | 0 |
_aPicture dictionaries _vArabic _xJuvenile literature |
| 700 | 1 | 0 |
_aMohd Puzhi Usop, _cDr., _eeditor. |
| 942 |
_2ddc _cB |
||
| 999 |
_c168908 _d168908 |
||